| 000 | 00380nam a2200157 i 4500 | ||
|---|---|---|---|
| 001 | bg | ||
| 100 | 1 | _aDRUPKA, Stanisław | |
| 245 | 0 |
_aTechniczna i rolnicza eksploatacja deszczowni / _cS. Drupka. |
|
| 260 |
_aWarszawa, _c1976. |
||
| 650 | 9 | _aDeszczownie | |
| 040 | _cBPK | ||
| 041 | _apol | ||
| 080 | _a631.3:631.6 | ||
| 942 | _cKS | ||
| 008 | s pl f |000 0 pol | ||
| 999 |
_c5290 _d5290 |
||
| 856 |
_uhttp://koha.tu.koszalin.pl/cgi-bin/koha/opac-detail.pl?biblionumber=5290 _yKatalog online BPK |
||